00912 a2200205 45000010006000000050017000060080041000230030015000640400040000790800066001192450085001850200018002702640029002883000019003175050272003361000032006087000020006407000021006607000025006814588720260407155731.0260407a1985 arg spa dAR-UNSa-BCEJYS aAR-UNSa-BCEJYSbspacAR-UNSa-BCEJYS a004xCiencia y tecnología de los ordenadores. Informática10aProgramacion Basicpcomplemento del texto : Principios de procesamiento de datos a968-18-0853-3 1aMéxico :bLimusac1985 a118 p.c27 cm. a1. Procesamiento en terminales mediante el uso del lenguaje BASIC – 2. Elementos esenciales de un programa BASIC – 3. Cómo escribir programas simples en BASIC – 4. El enunciado PRINT y sus opciones – 5. Ciclos y ordenaciones – 6. Funciones y subrutinas - 1 aCorona Rodriguez, Hortensia1 aStern, Nancy B.1 aStern, Robert A.1 aPerez Segui, Enrique